Kliknij film Disneya według piosenki #2 - Statystyki

Ogólne statystyki
  • Ten quiz został rozwiązany 28 razy
  • Średni wynik to 12 z 25
Statystyki odpowiedzi
Hint Odpowiedź % Poprawnych
Belle 1. Piękna i Bestia
83%
We Don't Talk About Bruno 2. Encanto
83%
Under The Sea 8. Mała Syrenka
78%
Heigh-Ho 6. Królewna Śnieżka i siedmiu krasnoludków
74%
Be Our Guest 1. Piękna i Bestia
70%
Gaston 1. Piękna i Bestia
70%
The Family Madrigal 2. Encanto
70%
Zero to Hero 3. Herkules
70%
Mother Knows Best 7. Zaplątani
70%
I'll Make a Man Out of You 4. Mulan
61%
Whistle While You Work 6. Królewna Śnieżka i siedmiu krasnoludków
57%
Honor to Us All 4. Mulan
52%
I've Got No Strings 5. Pinokio
48%
Go The Distance 3. Herkules
43%
Someday My Prince Will Come 6. Królewna Śnieżka i siedmiu krasnoludków
43%
Part Of Your World 8. Mała Syrenka
39%
What Else Can I Do? 2. Encanto
35%
When You Wish Upon A Star 5. Pinokio
35%
Surface Pressure 2. Encanto
30%
When Will My Life Begin? 7. Zaplątani
30%
Poor Unfortunate Souls 8. Mała Syrenka
26%
Hi-Diddle-Dee-Dee 5. Pinokio
22%
Something There 1. Piękna i Bestia
17%
Give A Little Whistle 5. Pinokio
13%
Les Poissons 8. Mała Syrenka
13%
Nie znaleziono quizów pasujących do podanych kryteriów
Rozkład punktacji
Procent ludzi z każdym wynikiem
Percentyl według liczby udzielonych odpowiedzi
Twoja historia wyników
Nie rozwiązałeś tego quizu